| 000 | 00859nas a2200277 4500 | ||
|---|---|---|---|
| 001 | BR0905986 | ||
| 003 | BR-BrBNA | ||
| 005 | 20231205113755.0 | ||
| 007 | ta | ||
| 008 | 230509b bl.|||p| |||| 00| 00por d | ||
| 040 |
_aBR-BrBNA _bpor _cBiblioteca Nacional de Agricultura |
||
| 041 | _a(En) | ||
| 072 | _aL73 | ||
| 100 | 1 | _aMachado, T.R.O. | |
| 100 | 1 | _aCorrea, M.G. | |
| 100 | 1 | _aMarin, J.M. | |
| 245 | 1 | _aAntimicrobial susceptibility of coagulase-negative Staphylococci isolated from mastitic cattle in Brazil | |
| 650 | _aLEITE | ||
| 650 | _aMAMITE | ||
| 650 | _aGADO LEITEIRO | ||
| 650 | _aRESISTÊNCIA | ||
| 650 | _aBACTÉRIA | ||
| 773 | 0 |
_tArquivo Brasileiro de Medicina Veterinária e Zootecnia (Brazil) _xISSN 0102-0935 _g(Feb 2008), v. 60(1) p. 278-282 _wBR0905986 |
|
| 909 |
_a202311 _bLúcia _c55 _dLúcia Elande |
||
| 942 |
_2AGRIS _n0 _cANA |
||
| 999 |
_c205539 _d205539 |
||